书目信息 |
| 题名: |
大学物理
|
|
| 作者: | 梁志强 , 陈建中 主编 | |
| 分册: | 上册 | |
| 出版信息: | 北京 中国水利水电出版社 2018重印 |
|
| 页数: | 185页 | |
| 开本: | 26cm | |
| 丛书名: | 应用技术型高等教育“十三五”精品规划教材 | |
| 单 册: | ||
| 中图分类: | O4-43 | |
| 科图分类: | ||
| 主题词: | 物理学--wu li xue--高等学校--教材 | |
| 电子资源: | ||
| ISBN: | 978-7-5170-4976-0 | |
| 000 | 01186nam0 2200313 45 | |
| 001 | 012001002833 | |
| 005 | 20191121142413.67 | |
| 010 | @a978-7-5170-4976-0@dCNY28.00 | |
| 099 | @aCAL 012017152640 | |
| 100 | @a20170410d2017 em y0chiy50 ea | |
| 101 | 0 | @achi |
| 102 | @aCN@b110000 | |
| 105 | @aa a 000yy | |
| 106 | @ar | |
| 200 | 1 | @a大学物理@Ada xue wu li@h上册@f主编梁志强, 陈建中 |
| 205 | @a第2版 | |
| 210 | @a北京@c中国水利水电出版社@d2018重印 | |
| 215 | @a185页@c图@d26cm | |
| 225 | 2 | @a应用技术型高等教育“十三五”精品规划教材@Aying yong ji shu xing gao deng jiao yu“shi san wu”jing pin gui hua jiao cai |
| 320 | @a有书目 | |
| 330 | @a本教材分为上、下两册共14章。上册包括力学、电磁学8章内容,下册为机械振动、波动、热学、光学、近代物理基础6章内容。 | |
| 333 | @a本教材可作为高等学校工科各专业的教材或参考书,也可作为高职类大学的教材,或供自学者阅读。 | |
| 410 | 0 | @12001 @a应用技术型高等教育“十三五”精品规划教材 |
| 606 | 0 | @a物理学@Awu li xue@x高等学校@j教材 |
| 690 | @aO4-43@v5 | |
| 701 | 0 | @a梁志强@Aliang zhi qiang@4主编 |
| 701 | 0 | @a陈建中@Achen jian zhong@4主编 |
| 801 | 0 | @aCN@b北京卓展@c20191020 |
| 905 | @b1204488-91@dO4-43@e1009:1=2@f4 | |
| 大学物理.上册/主编梁志强, 陈建中.-第2版.-北京:中国水利水电出版社,2018重印 |
| 185页:图;26cm.-(应用技术型高等教育“十三五”精品规划教材) |
| 使用对象:本教材可作为高等学校工科各专业的教材或参考书,也可作为高职类大学的教材,或供自学者阅读。 |
| ISBN 978-7-5170-4976-0:CNY28.00 |
| 本教材分为上、下两册共14章。上册包括力学、电磁学8章内容,下册为机械振动、波动、热学、光学、近代物理基础6章内容。 |
| ● |
| 相关链接 |
|
|
|
|
正题名:大学物理
索取号:O4-43/1009:1=2
 
预约/预借
| 序号 | 登录号 | 条形码 | 馆藏地/架位号 | 状态 | 备注 |
| 1 | 1204488 | 212044884 | 第二样本阅览室/ [索取号:O4-43/1009:1=2] | 在馆 | |
| 2 | 1204489 | 212044893 | 第三借阅区/ [索取号:O4-43/1009:1=2] | 在馆 | |
| 3 | 1204490 | 212044900 | 第三借阅区/ [索取号:O4-43/1009:1=2] | 在馆 | |
| 4 | 1204491 | 212044919 | 第三借阅区/ [索取号:O4-43/1009:1=2] | 在馆 |